• 首页
  • 本馆介绍
  • 公告通知
  • 最新文献
  • 馆藏检索
  • 电子资源
  • 读者导购
  • 参考咨询
  • 我的图书馆
  • 登录
  • 详细信息显示
  • 放入我的书架
  • 预约/预借图书
  • 作者相关作品
  • 分类相关作品
  • 丛书相关作品
  • 出版社相关作品

书目信息

  • 表格格式
  • 工作单格式
  • 卡片格式
题名:
一八九八-一九一四年的欧洲国际关系
    
 
作者: 王铁崖 , 王绳祖 选译
分册:  
出版信息: 北京   商务印书馆  1983
页数: 118页
开本: 21cm
丛书名: 世界史资料丛刊
单 册:
中图分类: D819
科图分类:
主题词: 外交史--世界 , 国际关系史
电子资源:
ISBN:
000 00821nam0 2200277 45
001 0183002997
005 20071014104812.40
010    @dCNY0.56
091    @a11017.588
100    @a19950929d1983 em y0chiy0121 ea
101 1  @achi
102    @aCN@b110000
105    @ay z 000yy
200 10 @a一八九八-一九一四年的欧洲国际关系@Ayi ba jiu ba- yi jiu yi si nian de ou zhou guo ji guan xi@f王铁崖,王绳祖选译@FWang Tie Ya,Wang Sheng Zu Xuan Yi
210    @a北京@c商务印书馆@d1983
215    @a118页@d21cm
225    @a世界史资料丛刊@i近代史部分
410    @12001 @a世界史资料丛刊
606 0  @a外交史@x世界
606    @a国际关系史
690    @aD819@v3
701  0 @a王铁崖@4选译
701  0 @a王绳祖@4选译
801  0 @aCN@b上海图书馆@c20071014
801  2 @aCN@bNLC@c20040429
905    @dD819@e100@f1@b88352
    
    一八九八-一九一四年的欧洲国际关系/王铁崖,王绳祖选译.-北京:商务印书馆,1983
    118页;21cm.-(世界史资料丛刊.近代史部分)
    
    
    ISBN :CNY0.56
    
●
相关链接 在E读中查询图书 在五车中查询图书 在当当中查询图书 在豆瓣中查询图书


正题名:一八九八-一九一四年的欧洲国际关系     索取号:D819/100         预约/预借

序号 登录号 条形码 馆藏地/架位号 状态 备注
1 0088350   001016527   密集书库/ [索取号:D819/100] 在馆    
2 0088351   001016518   密集书库/ [索取号:D819/100] 在馆    
3 0088352   001016509   第一样本阅览室/ [索取号:D819/100] 在馆    
唐山师范学院图书馆 欢迎您!
大连网信软件有限公司© 版权所有